[Event "27.Schlosspark-Open"]
[Site "Wiesbaden-Biebrich"]
[Date "2015.08.30"]
[Round "6.80"]
[White "Jahraus, Marlis"]
[Black "Happel, Jürgen"]
[Result "0-1"]
[WhiteElo "1249"]
[BlackElo "1586"]
[PlyCount "94"]
[EventDate "2015.??.??"]
[WhiteTeam "SC Untergrombach"]
[BlackTeam "SV Hofheim"]

1. e4 e5 2. Nf3 Nc6 3. Bb5 d6 4. d4 exd4 5. Nxd4 Bd7 6. Nc3 Nf6 7. O-O Be7 8.
Re1 O-O 9. Bxc6 bxc6 10. Qf3 Re8 11. Nf5 Bxf5 12. exf5 d5 13. Bg5 h6 14. Bh4
Qd6 15. Bg3 Qd7 16. Rad1 Bd6 17. Bxd6 cxd6 18. h3 Rxe1+ 19. Rxe1 Re8 20. Rd1
Qb7 21. b3 Qd7 22. b4 a6 23. a4 Re5 24. Qd3 Qa7 25. Kf1 Qb6 26. Rb1 d4 27. a5
Qa7 28. Ne2 Rd5 29. f3 Qb7 30. Nxd4 c5 31. c4 Rxd4 32. bxc5 Rxd3 33. Rxb7 dxc5
34. Rb6 Rd4 35. Rxa6 Rxc4 36. Rc6 Kf8 37. a6 Ra4 38. Ke2 Ke8 39. Kd2 Kd7 40.
Rb6 Nd5 41. Rb7+ Nc7 42. a7 Kc6 43. Rb8 Rxa7 44. Rf8 Nd5 45. g4 f6 46. h4 Rd7
47. Kd3 Nb6+ 0-1

[Event "27.Schlosspark-Open"]
[Site "Wiesbaden-Biebrich"]
[Date "2015.08.30"]
[Round "6.81"]
[White "Köllner, Felicitas Ophelia"]
[Black "Wiest, Kurt"]
[Result "1-0"]
[WhiteElo "1402"]
[BlackElo "1784"]
[PlyCount "69"]
[EventDate "2015.??.??"]
[WhiteTeam "SV Bergneustadt/Derschlag"]
[BlackTeam "SV Bergwinkel"]

1. d4 d5 2. Nf3 Nf6 3. e3 e6 4. c4 c6 5. Nc3 Nbd7 6. Be2 Bd6 7. O-O O-O 8. b3
dxc4 9. Bxc4 e5 10. dxe5 Nxe5 11. Nxe5 Bxe5 12. Qxd8 Rxd8 13. Bb2 Bf5 14. Rfd1
Bc2 15. Rxd8+ Rxd8 16. f4 Bc7 17. h3 Bb6 18. Re1 Ne4 19. Nxe4 Bxe4 20. Bc3 Bc7
21. Bd4 c5 22. Bxc5 Rd2 23. Re2 Rd1+ 24. Kh2 a6 25. b4 Rc1 26. Bb3 a5 27. Rd2
axb4 28. Bxb4 g5 29. Bd6 Bxd6 30. Rxd6 Re1 31. Bd5 Rxe3 32. Rd8+ Kg7 33. Re8 f5
34. fxg5 Re2 35. Rg8# 1-0

[Event "27.Schlosspark-Open"]
[Site "Wiesbaden-Biebrich"]
[Date "2015.08.30"]
[Round "6.82"]
[White "Wilk, David"]
[Black "Schneider, Luca"]
[Result "1-0"]
[WhiteElo "1734"]
[BlackElo "1377"]
[PlyCount "51"]
[EventDate "2015.??.??"]
[WhiteTeam "SF Mainz"]
[BlackTeam "FC Bierstadt"]

1. e4 c5 2. Nc3 e6 3. g3 a6 4. a4 Nc6 5. Bg2 Nf6 6. Nge2 Be7 7. O-O O-O 8. d4
cxd4 9. Nxd4 d5 10. exd5 Nxd5 11. Nxd5 exd5 12. Be3 Bf6 13. c3 Nxd4 14. Bxd4
Be7 15. Qb3 Be6 16. Qxb7 Qd6 17. Qb3 Rfd8 18. Rfe1 f6 19. Qc2 Bf7 20. b4 Re8
21. Qd3 Bg6 22. Qd2 a5 23. Bc5 Qd7 24. Rxe7 Rxe7 25. Bxe7 axb4 26. Qxd5+ 1-0

[Event "27.Schlosspark-Open"]
[Site "Wiesbaden-Biebrich"]
[Date "2015.08.30"]
[Round "6.83"]
[White "Peschk, Kathrin"]
[Black "Lorenz, Hermann"]
[Result "0-1"]
[WhiteElo "1309"]
[BlackElo "1668"]
[PlyCount "48"]
[EventDate "2015.??.??"]
[WhiteTeam "SV Groß-Gerau"]
[BlackTeam "SF Mainz"]

1. f4 d5 2. Nf3 Nf6 3. d4 Bg4 4. e3 Nbd7 5. Bd3 c6 6. c4 Ne4 7. Nbd2 Ndf6 8.
O-O Nxd2 9. Bxd2 Qc7 10. h3 Bxf3 11. Qxf3 e6 12. Be1 O-O-O 13. Bg3 Bd6 14. Bh2
h5 15. a4 g5 16. e4 g4 17. Qe3 dxe4 18. Bxe4 Rdg8 19. Kh1 h4 20. hxg4 Nxg4 21.
Qf3 Nf6 22. Bd3 Nh5 23. Qf2 Ng3+ 24. Bxg3 hxg3+ 0-1

[Event "27.Schlosspark-Open"]
[Site "Wiesbaden-Biebrich"]
[Date "2015.08.30"]
[Round "6.84"]
[White "Moseler, Thomas"]
[Black "Tampe, Friederike"]
[Result "1-0"]
[WhiteElo "1621"]
[BlackElo "1297"]
[PlyCount "151"]
[EventDate "2015.??.??"]
[WhiteTeam "SK Lister Turm"]
[BlackTeam "Schachforum Darmstadt"]

1. e4 e5 2. Nf3 Nc6 3. Bb5 d6 4. d4 Bd7 5. Nc3 Nxd4 6. Bxd7+ Qxd7 7. Nxd4 exd4
8. Qxd4 Nf6 9. Bg5 Be7 10. O-O-O h6 11. Bh4 Qg4 12. Bg3 Nd7 13. Nd5 Kd8 14.
Nxe7 Kxe7 15. Rhe1 Rhe8 16. f3 Qg6 17. e5 Nxe5 18. f4 Kf8 19. fxe5 dxe5 20.
Bxe5 Qg5+ 21. Kb1 Rad8 22. Qc5+ Kg8 23. Rxd8 Qxd8 24. Qc3 Qh4 25. Bg3 Rxe1+ 26.
Qxe1 Qd8 27. a3 c6 28. Kc1 Qd5 29. Qd2 Qc5 30. Bf2 Qf5 31. g3 a6 32. Qd8+ Kh7
33. Qd3 Qxd3 34. cxd3 Kg6 35. Kd2 Kf5 36. h3 Ke5 37. Kc3 Kd5 38. Bd4 g6 39. Bg7
h5 40. b3 Kc5 41. Kd2 Kd5 42. Ke3 Ke6 43. Kd4 Kd6 44. Ke4 Ke6 45. Kf4 Kd6 46.
Kg5 Ke6 47. Bc3 Ke7 48. g4 hxg4 49. hxg4 Ke6 50. Bf6 b5 51. Bd4 Ke7 52. Kh6 Kf8
53. Bf6 Kg8 54. Kg5 Kf8 55. Kf4 Ke8 56. Ke5 Kd7 57. g5 a5 58. a4 b4 59. Kd4 Kd6
60. Bd8 Ke6 61. Bxa5 f6 62. gxf6 Kxf6 63. Bxb4 Kf5 64. Be1 g5 65. a5 g4 66. a6
Kf4 67. a7 g3 68. Bxg3+ Kxg3 69. a8=Q Kf4 70. Qf8+ Kg5 71. Ke5 Kg4 72. Qf4+ Kh3
73. Qg5 c5 74. Kf4 Kh2 75. Kf3 c4 76. Qg2# 1-0

[Event "27.Schlosspark-Open"]
[Site "Wiesbaden-Biebrich"]
[Date "2015.08.30"]
[Round "6.85"]
[White "Pantlowsky, Luisa"]
[Black "Triantafillidis, Dimitrios"]
[Result "1/2-1/2"]
[WhiteElo "1261"]
[BlackElo "1603"]
[PlyCount "61"]
[EventDate "2015.??.??"]
[WhiteTeam "FC Bierstadt"]
[BlackTeam "SF HN-Biberach"]

1. e4 e5 2. Nf3 Nc6 3. d4 exd4 4. Nxd4 Qh4 5. Nc3 Bb4 6. Be2 Nf6 7. O-O Bxc3 8.
bxc3 Nxd4 9. Qxd4 Qxe4 10. Bd3 Qxd4 11. Re1+ Qe4 12. Bxe4 Nxe4 13. Rxe4+ Kf8
14. Ba3+ d6 15. Rae1 Be6 16. f4 Rc8 17. f5 Bxf5 18. Re7 Be6 19. Rxc7 Rxc7 20.
Bxd6+ Ke8 21. Bxc7 Kd7 22. Be5 Rg8 23. a3 f6 24. Bd4 Rc8 25. Bxa7 Rxc3 26. Rd1+
Kc8 27. Bb6 Bd7 28. a4 Rxc2 29. a5 Rc6 30. Kf2 Rc4 31. Ke3 1/2-1/2

[Event "27.Schlosspark-Open"]
[Site "Wiesbaden-Biebrich"]
[Date "2015.08.30"]
[Round "6.86"]
[White "Künne, Lutz Dieter"]
[Black "Deutsch, Oliver"]
[Result "1/2-1/2"]
[WhiteElo "1556"]
[BlackElo "1124"]
[PlyCount "155"]
[EventDate "2015.??.??"]
[WhiteTeam "KC Jena"]
[BlackTeam "SK Gründau"]

1. e4 e5 2. Nf3 Nc6 3. Bb5 Nf6 4. d3 d6 5. c3 Be7 6. Nbd2 O-O 7. Nf1 a6 8. Ba4
b5 9. Bb3 Na5 10. Bc2 c5 11. Ne3 Be6 12. O-O Re8 13. Ng5 h6 14. Nxe6 fxe6 15.
Bb3 Qc8 16. Nf5 Kh7 17. Nxe7 Rxe7 18. Bc2 Rd7 19. Be3 d5 20. exd5 exd5 21. d4+
Kg8 22. dxe5 Ne4 23. Qg4 Re7 24. Qxc8+ Rxc8 25. f3 Ng5 26. Bxg5 hxg5 27. Rae1
Nc4 28. Bb3 Nb6 29. Rf2 Rce8 30. Rfe2 c4 31. Bc2 Kf7 32. Bf5 g6 33. Bg4 Kf8 34.
e6 Na8 35. Re5 Kg7 36. Rxd5 Kf6 37. Re4 Nc7 38. Rd6 a5 39. Kf2 Nxe6 40. Ra6 Kf7
41. Rxa5 Nc7 42. Ra7 Nd5 43. Raxe7+ Rxe7 44. Rxe7+ Kxe7 45. g3 Kf6 46. Ke2 Ke5
47. Kd2 Nb6 48. b3 Kd5 49. Kc2 Kc5 50. Be6 b4 51. cxb4+ Kxb4 52. a3+ Kxa3 53.
bxc4 Kb4 54. Kd3 Kc5 55. Ke4 Kd6 56. Bf7 Ke7 57. c5 Na4 58. Bxg6 Nxc5+ 59. Kf5
Ne6 60. Bh5 Kd6 61. Bf7 Nd4+ 62. Kg4 Ke5 63. f4+ gxf4 64. gxf4+ Kf6 65. Be8 Ne2
66. Kf3 Nd4+ 67. Kg4 Ne2 68. h4 Kg7 69. h5 Kh7 70. Bg6+ Kh6 71. f5 Nd4 72. f6
Ne6 73. Kf5 Nf8 74. Be8 Nh7 75. Ke6 Nf8+ 76. Ke7 Nh7 77. Bg6 Nxf6 78. Kxf6
1/2-1/2

[Event "27.Schlosspark-Open"]
[Site "Wiesbaden-Biebrich"]
[Date "2015.08.30"]
[Round "6.87"]
[White "Held, Gerd"]
[Black "Bayer, Melissa"]
[Result "0-1"]
[WhiteElo "1450"]
[BlackElo "1108"]
[PlyCount "78"]
[EventDate "2015.??.??"]
[WhiteTeam "SC Groß-Zimmern"]
[BlackTeam "SK Gründau"]

1. c4 e6 2. g3 d5 3. Bg2 Nf6 4. cxd5 exd5 5. Nf3 c6 6. O-O Bf5 7. d3 Bd6 8. a3
O-O 9. b4 Re8 10. Bb2 h6 11. Nbd2 Bg6 12. Nh4 Bh7 13. Nb3 Re6 14. Nd4 Re8 15.
Qd2 Be5 16. Rae1 Bxd4 17. Bxd4 Nbd7 18. f4 b6 19. Rc1 Rc8 20. Bh3 Rc7 21. Qb2
Re7 22. Bxd7 Rexd7 23. Nf3 Qe7 24. Ne5 Rd6 25. Rc2 Qe8 26. Rfc1 Bf5 27. a4 Bd7
28. Nxd7 Qxd7 29. Be5 Qh3 30. Bxd6 Ng4 31. e4 Rc8 32. Rxc6 Rxc6 33. Rxc6 dxe4
34. dxe4 Ne3 35. Qf2 Ng4 36. Qg2 Qh5 37. e5 Ne3 38. Qd2 Qf3 39. Rc3 Qf1# 0-1

[Event "27.Schlosspark-Open"]
[Site "Wiesbaden-Biebrich"]
[Date "2015.08.30"]
[Round "6.88"]
[White "Schreer, Maxima"]
[Black "Porstendörfer, Eric"]
[Result "1-0"]
[WhiteElo "1410"]
[BlackElo "1060"]
[PlyCount "81"]
[EventDate "2015.??.??"]
[WhiteTeam "SF Friedberg"]
[BlackTeam "SK Klingenberg"]

1. e4 d6 2. Nc3 g6 3. Nf3 Bg7 4. Bc4 a6 5. Ng5 e6 6. d3 Ne7 7. Qf3 O-O 8. Qh3
h6 9. Nf3 d5 10. Bb3 e5 11. Qg3 b5 12. Nxd5 Nxd5 13. Bxd5 c6 14. Bb3 a5 15. a4
Kh7 16. Nxe5 Bxe5 17. Qxe5 Re8 18. Qf4 Be6 19. Qxh6+ Kg8 20. Bg5 Qd4 21. O-O
Qxb2 22. Rfe1 Qg7 23. Qh4 Nd7 24. Rad1 Qh8 25. Qg3 Ne5 26. d4 Ng4 27. h3 Nf6
28. e5 Nh5 29. Qf3 Bxb3 30. cxb3 Rac8 31. Re4 c5 32. Rc1 c4 33. bxc4 bxa4 34.
Rh4 Rb8 35. Kf1 Rb3 36. Qe2 a3 37. Qe4 Reb8 38. e6 f5 39. Qd5 Kg7 40. Qd7+ Kg8
41. Qf7# 1-0

[Event "27.Schlosspark-Open"]
[Site "Wiesbaden-Biebrich"]
[Date "2015.08.30"]
[Round "6.89"]
[White "Masoudi, Kian"]
[Black "Lehmann, Nils"]
[Result "1-0"]
[WhiteElo "1241"]
[BlackElo "1406"]
[PlyCount "113"]
[EventDate "2015.??.??"]
[WhiteTeam "SC Bergen-Enkheim"]
[BlackTeam "SV Lahn Limburg"]

1. Nf3 Nc6 2. e4 e5 3. Bb5 Bc5 4. O-O d6 5. c3 Bg4 6. d4 Bb6 7. d5 Kf8 8. dxc6
bxc6 9. Bxc6 Rb8 10. Ba4 h6 11. Bb3 Nf6 12. Nbd2 Qd7 13. a4 a5 14. Qc2 Qc6 15.
Qd3 Bc5 16. Bd5 Qb6 17. h3 Bh5 18. Nh2 c6 19. Ba2 Rd8 20. Nc4 Qa6 21. Qc2 Bg6
22. Nd2 Qa7 23. Ng4 Nxg4 24. hxg4 h5 25. gxh5 Rxh5 26. Nf3 Ke7 27. g3 f6 28. b4
Bb6 29. Bb2 d5 30. Nd2 Rdh8 31. bxa5 Rh1+ 32. Kg2 R1h2+ 33. Kf3 Bh5+ 34. g4
Rh3+ 35. Ke2 Bxg4+ 36. f3 Rh2+ 37. Kd1 Be3 38. Bc1 Bxf3+ 39. Rxf3 Bxd2 40. Ba3+
Ke8 41. Qd3 Qg1+ 42. Qf1 Qg4 43. Kc2 Be3+ 44. Kb3 Qxe4 45. Rxe3 Qxe3 46. Qa6
Kf7 47. Qb7+ Kg6 48. Qxc6 Qd2 49. Rg1+ Kf5 50. Bb1+ Kf4 51. Bc1 Rb8+ 52. Ka3
Qxc1+ 53. Rxc1 Rhb2 54. Rf1+ Kg5 55. Rg1+ Kf4 56. Qxd5 g6 57. Qe4# 1-0

[Event "27.Schlosspark-Open"]
[Site "Wiesbaden-Biebrich"]
[Date "2015.08.30"]
[Round "6.90"]
[White "Gießelbach, Christian"]
[Black "Roth, Michael"]
[Result "1-0"]
[WhiteElo "1083"]
[BlackElo "1563"]
[PlyCount "81"]
[EventDate "2015.??.??"]
[WhiteTeam "TuS Dotzheim"]
[BlackTeam "SC Lerchenberg/ZMO"]

1. d4 Nf6 2. c4 e5 3. dxe5 Ne4 4. g3 Bc5 5. e3 d6 6. exd6 Bxd6 7. Bg2 Qe7 8.
Nd2 Bf5 9. Qf3 Bg6 10. Nxe4 Bxe4 11. Qxe4 Qxe4 12. Bxe4 Nd7 13. Bxb7 Rd8 14.
Nf3 O-O 15. O-O Nc5 16. Bc6 Na6 17. b3 Nb4 18. Ba4 Be7 19. Ba3 c5 20. Bxb4 cxb4
21. Nd4 Bf6 22. Rad1 Rd6 23. Nc6 Re6 24. Nxb4 h5 25. Rd7 a5 26. Nd5 Be5 27. Ra7
h4 28. Rxa5 f5 29. c5 Rh6 30. c6 Kf7 31. c7 Rfh8 32. Rc1 Bxc7 33. Nxc7 hxg3 34.
Rxf5+ Kg6 35. Bd7 Rxh2 36. Rc6+ Kh7 37. fxg3 Rxa2 38. Rh5+ Kg8 39. Be6+ Kf8 40.
Rxh8+ Ke7 41. Nd5# 1-0

[Event "27.Schlosspark-Open"]
[Site "Wiesbaden-Biebrich"]
[Date "2015.08.30"]
[Round "6.91"]
[White "Lochmann, Tobias"]
[Black "Porstendörfer, Yannik"]
[Result "0-1"]
[WhiteElo "713"]
[BlackElo "1200"]
[PlyCount "62"]
[EventDate "2015.??.??"]
[WhiteTeam "SV Groß-Gerau"]
[BlackTeam "SK Klingenberg"]

1. e4 e5 2. Nf3 Nc6 3. Nc3 Bc5 4. Bc4 d6 5. O-O Bg4 6. Be2 Nf6 7. h3 Bh5 8. d3
h6 9. b3 O-O 10. Bb2 Qd7 11. Nh4 Bxe2 12. Qxe2 Nd4 13. Qg4 Nxg4 14. hxg4 Qxg4
15. Rae1 Qxh4 16. Nd5 Qg4 17. Bxd4 Bxd4 18. c3 Bb6 19. Ne7+ Kh8 20. Nf5 g6 21.
Ne3 Bxe3 22. Rxe3 a5 23. f3 Qe6 24. c4 a4 25. bxa4 Rxa4 26. Ra1 Rfa8 27. Re2 f5
28. Kf2 fxe4 29. dxe4 Qxc4 30. Ke1 Qc3+ 31. Kd1 Qxa1+ 0-1